| 000 | 00429nam a2200181Ia 4500 | ||
|---|---|---|---|
| 005 | 20250423100400.0 | ||
| 008 | 250422s9999 xx 000 0 und d | ||
| 020 | _a0812115945 | ||
| 050 | _aRE 76 .R68/ | ||
| 100 | _a Roy, Frederick Hampton | ||
| 245 | 0 | _aOcular differential diagnosis | |
| 250 | _a5th ed. | ||
| 260 | _aPhiladelphia | ||
| 260 | _b Lea & Febiger, | ||
| 260 | _c 1993 | ||
| 300 | _a771 p | ||
| 942 | _cBK | ||
| 999 |
_c33140 _d33140 |
||